[Event "Irish International Open 2019"]
[Site "Dublin"]
[Date "2019.04.21"]
[Round "7.14"]
[White "Murray, David"]
[Black "Duffy, Seamus"]
[Result "1-0"]
[WhiteElo "2152"]
[BlackElo "1921"]
[Annotator "NA"]
[PlyCount "113"]
[EventDate "2019.02.28"]
[EventType "swiss"]
[EventCountry "IRL"]
[SourceTitle "playchess.com"]
[Source "ChessBase"]
[SourceQuality "1"]
[TimeControl "5400+30"]

1. e4 {[%emt 0:00:10]} e5 {[%emt 0:00:00]} 2. Nf3 {[%emt 0:00:15]} Nc6 {[%emt 0:00:00]} 3. Bb5 {[%emt 0:00:11]} Nge7 {[%emt 0:00:00]} 4. Nc3 {[%emt 0:02:15]} Ng6 {[%emt 0:00:00]} 5. d4 {[%emt 0:02:51]} exd4 {[%emt 0:00:17]} 6. Nxd4 {[%emt 0:00:49]} Bb4 {[%emt 0:02:09]} 7. O-O {[%emt 0:01:40]} Bxc3 {[%emt 0:01:51]} 8. bxc3 {[%emt 0:00:12]} O-O {[%emt 0:00:11]} 9. Qh5 {[%emt 0:04:33]} Qh4 {[%emt 0:04:41]} 10. Qxh4 {[%emt 0:02:49]} Nxh4 {[%emt 0:00:07]} 11. Bf4 {[%emt 0:01:12]} Nxd4 {[%emt 0:01:55]} 12. cxd4 {[%emt 0:00:08]} d6 {[%emt 0:00:23]} 13. Rab1 {[%emt 0:02:21]} Ng6 {[%emt 0:00:25]} 14. Bg3 {[%emt 0:01:48]} a6 {[%emt 0:01:27]} 15. Bd3 {[%emt 0:00:53]} Ne7 {[%emt 0:02:46]} 16. e5 {[%emt 0:03:11]} d5 {[%emt 0:02:05]} 17. f4 {[%emt 0:02:13]} f5 {[%emt 0:08:46]} 18. Be1 {[%emt 0:02:06]} b5 {[%emt 0:03:46]} 19. Ba5 {[%emt 0:02:11]} c6 {[%emt 0:01:13]} 20. Kf2 {[%emt 0:01:30]} Be6 {[%emt 0:00:22]} 21. Ke3 {[%emt 0:01:17]} h5 {[%emt 0:00:44]} 22. Be2 {[%emt 0:02:10]} g6 {[%emt 0:00:20]} 23. Kd3 {[%emt 0:01:33]} Rfc8 {[%emt 0:01:52]} 24. Bb4 {[%emt 0:02:46]} Kf7 {[%emt 0:01:21]} 25. a4 {[%emt 0:00:48]} Rcb8 {[%emt 0:04:23]} 26. axb5 {[%emt 0:02:39]} cxb5 {[%emt 0:03:12]} 27. Ra1 {[%emt 0:03:08]} Nc6 {[%emt 0:03:41]} 28. Bd6 {[%emt 0:00:49]} Rb7 {[%emt 0:01:45]} 29. Rfb1 {[%emt 0:01:29]} a5 {[%emt 0:01:30]} 30. c3 {[%emt 0:01:02]} Nd8 {[%emt 0:03:22]} 31. Bf3 {[%emt 0:03:46]} Ke8 {[%emt 0:03:16]} 32. Rb2 {[%emt 0:01:58]} Nf7 {[%emt 0:03:05]} 33. Bc5 {[%emt 0:04:20]} a4 {[%emt 0:01:49]} 34. Kd2 {[%emt 0:01:56]} Rab8 {[%emt 0:04:49]} 35. Rab1 {[%emt 0:01:55]} Kd7 {[%emt 0:08:07]} 36. c4 {[%emt 0:06:19]} Kc6 {[%emt 0:00:06]} 37. cxb5+ {[%emt 0:01:22]} Rxb5 {[%emt 0:00:20]} 38. Rxb5 {[%emt 0:00:13]} Rxb5 {[%emt 0:00:07]} 39. Ra1 {[%emt 0:02:21]} Ra5 {[%emt 0:00:42]} 40. Kc3 {[%emt 0:00:27]} Nd8 {[%emt 0:01:43]} 41. Bd1 {[%emt 0:05:10]} a3 {[%emt 0:03:14]} 42. Kb4 {[%emt 0:03:00]} Rb5+ {[%emt 0:01:37]} 43. Kxa3 {[%emt 0:01:26]} Ra5+ {[%emt 0:06:31]} 44. Ba4+ {[%emt 0:01:56]} Kc7 {[%emt 0:02:19]} 45. Rb1 {[%emt 0:02:22]} Ra6 {[%emt 0:00:56]} 46. Bd6+ {[%emt 0:00:36]} Rxd6 {[%emt 0:00:57]} 47. exd6+ {[%emt 0:00:10]} Kxd6 {[%emt 0:00:06]} 48. Kb4 {[%emt 0:04:09]} Bf7 {[%emt 0:01:50]} 49. Ka5 {[%emt 0:00:55]} Ke7 {[%emt 0:02:15]} 50. g3 {[%emt 0:02:37]} Ne6 {[%emt 0:00:29]} 51. Rb7+ {[%emt 0:01:29]} Kf6 {[%emt 0:00:39]} 52. Rb6 {[%emt 0:00:34]} g5 {[%emt 0:00:29]} 53. Bd7 {[%emt 0:00:53]} gxf4 {[%emt 0:00:36]} 54. gxf4 {[%emt 0:00:21]} Ke7 {[%emt 0:00:33]} 55. Bxe6 {[%emt 0:00:19]} Bxe6 {[%emt 0:00:06]} 56. Kb4 {[%emt 0:00:40]} Bf7 {[%emt 0:01:56]} 57. Kc5 {[%emt 0:00:11]} 1-0

[Event "Irish International Open 2019"]
[Site "Dublin"]
[Date "2019.04.21"]
[Round "7.15"]
[White "Phelan, Leo"]
[Black "Moran, Stephen"]
[Result "0-1"]
[WhiteElo "1708"]
[BlackElo "2165"]
[Annotator "NA"]
[PlyCount "62"]
[EventDate "2019.02.28"]
[EventType "swiss"]
[EventCountry "IRL"]
[SourceTitle "playchess.com"]
[Source "ChessBase"]
[SourceQuality "1"]
[TimeControl "5400+30"]

1. e4 {[%emt 1:30:30]} c5 {[%emt 1:30:30]} 2. Nf3 {[%emt 0:00:30]} e6 {[%emt 0:00:30]} 3. d4 {[%emt 0:00:30]} cxd4 {[%emt 0:00:30]} 4. Nxd4 {[%emt 0:00:30]} Nc6 {[%emt 0:00:30]} 5. Nc3 {[%emt 0:00:30]} Qc7 {[%emt 0:00:30]} 6. Be3 {[%emt 0:00:30]} a6 {[%emt 0:00:30]} 7. f4 {[%emt 0:00:30]} Bb4 {[%emt 0:00:30]} 8. Qd2 {[%emt 0:00:30]} Nf6 {[%emt 0:00:30]} 9. Bd3 {[%emt 0:00:30]} Na5 {[%emt 0:00:30]} 10. Nde2 {[%emt 0:00:30]} Nc4 {[%emt 0:00:30]} 11. Qc1 {[%emt 0:00:30]} Nxe3 {[%emt 0:00:30]} 12. Qxe3 {[%emt 0:00:30]} b5 {[%emt 0:00:30]} 13. O-O-O {[%emt 0:00:30]} Bb7 {[%emt 0:00:30]} 14. Kb1 {[%emt 0:00:30]} d6 {[%emt 0:00:30]} 15. Rhg1 {[%emt 0:00:30]} Bc5 {[%emt 0:00:30]} 16. Qg3 {[%emt 0:00:30]} Bxg1 {[%emt 0:00:30]} 17. Qxg7 {[%emt 0:00:30]} Ke7 {[%emt 0:00:30]} 18. Nxg1 {[%emt 0:00:30]} Rhg8 {[%emt 0:00:30]} 19. Qh6 {[%emt 0:00:30]} b4 {[%emt 0:00:30]} 20. Na4 {[%emt 0:00:30]} Qa5 {[%emt 0:00:30]} 21. f5 {[%emt 0:00:30]} Qxa4 {[%emt 0:00:30]} 22. Rf1 {[%emt 0:00:30]} e5 {[%emt 0:00:30]} 23. Nf3 {[%emt 0:00:30]} Rxg2 {[%emt 0:00:30]} 24. Ng5 {[%emt 0:00:30]} Rxg5 {[%emt 0:00:30]} 25. Qxg5 {[%emt 0:00:30]} Qc6 {[%emt 0:00:30]} 26. b3 {[%emt 0:00:30]} Qc5 {[%emt 0:00:30]} 27. Re1 {[%emt 0:00:30]} a5 {[%emt 0:00:30]} 28. Bc4 {[%emt 0:00:30]} Rg8 {[%emt 0:00:30]} 29. Qh4 {[%emt 0:00:30]} Rg4 {[%emt 0:00:30]} 30. Qh6 {[%emt 0:00:30]} a4 {[%emt 0:00:30]} 31. h3 {[%emt 0:00:30]} Rg1 {[%emt 0:00:30]} 0-1

[Event "Irish International Open 2019"]
[Site "Dublin"]
[Date "2019.04.21"]
[Round "7.16"]
[White "Lundback, Anders"]
[Black "Melaugh, Shane"]
[Result "0-1"]
[WhiteElo "1806"]
[BlackElo "2105"]
[Annotator "NA"]
[PlyCount "66"]
[EventDate "2019.02.28"]
[EventType "swiss"]
[EventCountry "IRL"]
[SourceTitle "playchess.com"]
[Source "ChessBase"]
[SourceQuality "1"]
[TimeControl "5400+30"]

1. d4 {[%emt 0:00:00]} e6 {[%emt 0:05:21]} 2. c4 {[%emt 0:00:00]} f5 {[%emt 0:00:06]} 3. Nc3 {[%emt 0:02:31]} Nf6 {[%emt 0:00:35]} 4. Nf3 {[%emt 0:02:16]} Bb4 {[%emt 0:00:26]} 5. Bd2 {[%emt 0:02:03]} b6 {[%emt 0:00:28]} 6. g3 {[%emt 0:01:45]} Bb7 {[%emt 0:00:40]} 7. Bg2 {[%emt 0:00:02]} O-O {[%emt 0:00:58]} 8. O-O {[%emt 0:00:08]} d6 {[%emt 0:01:13]} 9. Qb3 {[%emt 0:04:48]} Bxc3 {[%emt 0:01:08]} 10. Bxc3 {[%emt 0:00:38]} Nbd7 {[%emt 0:00:11]} 11. Rfd1 {[%emt 0:01:50]} Qe8 {[%emt 0:03:02]} 12. a4 {[%emt 0:08:16]} Qh5 {[%emt 0:08:14]} 13. a5 {[%emt 0:06:08]} g5 {[%emt 0:03:10]} 14. Bb4 {[%emt 0:11:31]} Ne4 {[%emt 0:15:59]} 15. a6 {[%emt 0:11:34]} Bc6 {[%emt 0:02:03]} 16. d5 {[%emt 0:05:04]} Ndc5 {[%emt 0:00:06]} 17. Bxc5 {[%emt 0:03:49]} Nxc5 {[%emt 0:00:02]} 18. Qe3 {[%emt 0:01:30]} f4 {[%emt 0:00:11]} 19. Qc3 {[%emt 0:04:26]} Bd7 {[%emt 0:10:28]} 20. b4 {[%emt 0:04:37]} Ne4 {[%emt 0:16:00]} 21. Qd3 {[%emt 0:00:41]} Nf6 {[%emt 0:01:15]} 22. dxe6 {[%emt 0:00:52]} Bc6 {[%emt 0:03:02]} 23. e7 {[%emt 0:08:49]} Rf7 {[%emt 0:00:59]} 24. Nxg5 {[%emt 0:00:54]} Bd5 {[%emt 0:26:23]} 25. Bf3 Bxf3 {[%emt 0:00:00]} 26. Nxf7 {[%emt 0:01:57]} Be4 {[%emt 0:00:00]} 27. Qd4 {[%emt 0:04:28]} Kxf7 {[%emt 0:00:00]} 28. f3 {[%emt 0:01:21]} fxg3 {[%emt 0:00:00]} 29. hxg3 {[%emt 0:01:52]} Rg8 {[%emt 0:00:00]} 30. Kg2 {[%emt 0:01:24]} Qg5 {[%emt 0:00:00]} 31. e8=Q+ {[%emt 0:05:02]} Kxe8 {[%emt 0:00:00]} 32. fxe4 {[%emt 0:01:27]} Qxg3+ {[%emt 0:00:00]} 33. Kf1 {[%emt 0:00:07]} Ng4 {[%emt 0:00:00]} 0-1

[Event "Irish International Open 2019"]
[Site "Dublin"]
[Date "2019.04.21"]
[Round "7.17"]
[White "Putar, Leon"]
[Black "Fox, Anthony"]
[Result "1/2-1/2"]
[WhiteElo "1549"]
[BlackElo "2031"]
[Annotator "NA"]
[PlyCount "47"]
[EventDate "2019.02.28"]
[EventType "swiss"]
[EventCountry "IRL"]
[SourceTitle "playchess.com"]
[Source "ChessBase"]
[SourceQuality "1"]
[TimeControl "5400+30"]

1. e4 {[%emt 0:00:00]} e5 {[%emt 0:00:00]} 2. Nf3 {[%emt 0:00:26]} Nc6 {[%emt 0:00:00]} 3. Bc4 {[%emt 0:00:27]} Nf6 {[%emt 0:00:00]} 4. Ng5 {[%emt 0:00:46]} d5 {[%emt 0:00:01]} 5. exd5 {[%emt 0:00:30]} Na5 {[%emt 0:00:19]} 6. d3 {[%emt 0:12:20]} h6 {[%emt 0:01:23]} 7. Nf3 {[%emt 0:00:23]} e4 {[%emt 0:00:19]} 8. Qe2 {[%emt 0:00:13]} Nxc4 {[%emt 0:01:08]} 9. dxc4 {[%emt 0:00:52]} Bd6 {[%emt 0:07:35]} 10. h3 {[%emt 0:02:36]} O-O {[%emt 0:00:49]} 11. Nd4 {[%emt 0:00:09]} Re8 {[%emt 0:01:09]} 12. O-O {[%emt 0:00:11]} Qe7 {[%emt 0:12:05]} 13. Nb5 {[%emt 0:01:40]} Be5 {[%emt 0:01:38]} 14. c3 {[%emt 0:03:54]} Bd7 {[%emt 0:09:46]} 15. Nd4 {[%emt 0:02:53]} c6 {[%emt 0:05:45]} 16. dxc6 {[%emt 0:02:56]} bxc6 {[%emt 0:00:07]} 17. Be3 {[%emt 0:00:26]} c5 {[%emt 0:01:47]} 18. Nb3 {[%emt 0:00:41]} Bd6 {[%emt 0:04:47]} 19. Rd1 {[%emt 0:01:14]} Rad8 {[%emt 0:03:27]} 20. N1d2 {[%emt 0:03:22]} Bc6 {[%emt 0:06:23]} 21. Nf1 {[%emt 0:01:18]} Nd7 {[%emt 0:06:34]} 22. Rd2 {[%emt 0:05:29]} f5 {[%emt 0:00:28]} 23. Rad1 {[%emt 0:01:58]} Bc7 {[%emt 0:00:10]} 24. Qh5 {[%emt 0:01:53]} 1/2-1/2

[Event "Irish International Open 2019"]
[Site "Dublin"]
[Date "2019.04.21"]
[Round "7.18"]
[White "Daly, Colm"]
[Black "Schmitz, Manuela"]
[Result "1-0"]
[WhiteElo "2278"]
[BlackElo "1968"]
[Annotator "NA"]
[PlyCount "69"]
[EventDate "2019.02.28"]
[EventType "swiss"]
[EventCountry "IRL"]
[SourceTitle "playchess.com"]
[Source "ChessBase"]
[SourceQuality "1"]
[TimeControl "5400+30"]

1. e4 {[%emt 0:00:00]} e6 {[%emt 0:00:00]} 2. d4 {[%emt 0:00:00]} d5 {[%emt 0:00:00]} 3. Nc3 {[%emt 0:00:00]} Bb4 {[%emt 0:00:00]} 4. e5 {[%emt 0:00:00]} c5 {[%emt 0:00:00]} 5. a3 {[%emt 0:00:05]} Bxc3+ {[%emt 0:00:05]} 6. bxc3 {[%emt 0:00:04]} Qc7 {[%emt 0:00:09]} 7. Nf3 {[%emt 0:00:06]} Bd7 {[%emt 0:00:13]} 8. a4 {[%emt 0:00:08]} Ne7 {[%emt 0:03:25]} 9. h4 {[%emt 0:02:40]} Nbc6 {[%emt 0:01:59]} 10. h5 {[%emt 0:01:13]} h6 {[%emt 0:02:57]} 11. Bd2 {[%emt 0:11:25]} O-O-O {[%emt 0:02:33]} 12. Bb5 {[%emt 0:02:32]} c4 {[%emt 0:01:51]} 13. O-O {[%emt 0:00:52]} g5 {[%emt 0:05:38]} 14. Nh2 {[%emt 0:00:31]} f5 {[%emt 0:02:43]} 15. exf6 {[%emt 0:00:08]} Ng8 {[%emt 0:03:02]} 16. Ng4 {[%emt 0:00:22]} Rf8 {[%emt 0:00:26]} 17. Bxc6 {[%emt 0:03:18]} Bxc6 {[%emt 0:00:32]} 18. f4 {[%emt 0:03:05]} Nxf6 {[%emt 0:00:33]} 19. Nxf6 {[%emt 0:05:05]} Rxf6 {[%emt 0:00:07]} 20. Qg4 {[%emt 0:07:29]} gxf4 {[%emt 0:04:12]} 21. Bxf4 {[%emt 0:00:09]} Qe7 {[%emt 0:01:13]} 22. Be5 {[%emt 0:01:05]} Rxf1+ {[%emt 0:00:24]} 23. Rxf1 {[%emt 0:00:06]} Re8 {[%emt 0:00:26]} 24. a5 {[%emt 0:00:31]} Ba4 {[%emt 0:05:16]} 25. Qg6 {[%emt 0:00:27]} Qg5 {[%emt 0:00:30]} 26. Qxg5 {[%emt 0:03:29]} hxg5 {[%emt 0:00:05]} 27. Rf7 {[%emt 0:00:48]} Bxc2 {[%emt 0:01:11]} 28. Rc7+ {[%emt 0:00:07]} Kd8 {[%emt 0:00:07]} 29. Rxb7 {[%emt 0:00:10]} Re7 {[%emt 0:00:13]} 30. a6 {[%emt 0:06:27]} Ke8 {[%emt 0:00:32]} 31. Kh2 {[%emt 0:03:59]} g4 {[%emt 0:00:26]} 32. Kg3 {[%emt 0:00:07]} Bf5 {[%emt 0:00:11]} 33. Kh4 {[%emt 0:00:28]} Kf7 {[%emt 0:01:19]} 34. g3 {[%emt 0:00:29]} Ke8 {[%emt 0:00:16]} 35. Kg5 {[%emt 0:00:10]} 1-0

[Event "Irish International Open 2019"]
[Site "Dublin"]
[Date "2019.04.21"]
[Round "7.19"]
[White "Murphy, Sean"]
[Black "Longson, Sarah N"]
[Result "0-1"]
[WhiteElo "1976"]
[BlackElo "2123"]
[Annotator "NA"]
[PlyCount "138"]
[EventDate "2019.02.28"]
[EventType "swiss"]
[EventCountry "IRL"]
[SourceTitle "playchess.com"]
[Source "ChessBase"]
[SourceQuality "1"]
[TimeControl "5400+30"]

1. e4 {[%emt 0:00:00]} e5 {[%emt 0:00:00]} 2. Nf3 {[%emt 0:00:00]} Nc6 {[%emt 0:00:00]} 3. Bb5 {[%emt 0:00:00]} a6 {[%emt 0:01:06]} 4. Ba4 {[%emt 0:00:04]} Nf6 {[%emt 0:00:40]} 5. O-O {[%emt 0:00:12]} b5 {[%emt 0:00:04]} 6. Bb3 {[%emt 0:00:05]} Bc5 {[%emt 0:00:07]} 7. d3 {[%emt 0:05:56]} h6 {[%emt 0:01:44]} 8. c3 {[%emt 0:00:23]} d6 {[%emt 0:00:22]} 9. h3 {[%emt 0:00:12]} O-O {[%emt 0:00:18]} 10. Qe2 {[%emt 0:02:26]} Qe7 {[%emt 0:02:21]} 11. Be3 {[%emt 0:03:47]} Bxe3 {[%emt 0:02:28]} 12. Qxe3 {[%emt 0:02:27]} Na5 {[%emt 0:03:01]} 13. Bc2 {[%emt 0:00:10]} c5 {[%emt 0:00:41]} 14. Nbd2 {[%emt 0:02:42]} Be6 {[%emt 0:00:43]} 15. Nh2 {[%emt 0:00:37]} Nh5 {[%emt 0:03:11]} 16. Ndf3 {[%emt 0:18:18]} Nf4 {[%emt 0:02:40]} 17. b3 {[%emt 0:03:00]} Nc6 {[%emt 0:09:06]} 18. Rad1 {[%emt 0:01:27]} b4 {[%emt 0:10:14]} 19. d4 {[%emt 0:01:52]} bxc3 {[%emt 0:01:12]} 20. d5 {[%emt 0:02:00]} Nb4 {[%emt 0:02:16]} 21. Rc1 {[%emt 0:02:46]} Bd7 {[%emt 0:04:42]} 22. a3 {[%emt 0:04:47]} Nxc2 {[%emt 0:00:16]} 23. Rxc2 {[%emt 0:00:02]} f5 {[%emt 0:03:08]} 24. Rd1 {[%emt 0:08:57]} fxe4 {[%emt 0:01:14]} 25. Ne1 {[%emt 0:00:30]} Qf7 {[%emt 0:05:01]} 26. Qxc3 {[%emt 0:09:50]} Nxd5 {[%emt 0:07:42]} 27. Qg3 {[%emt 0:04:38]} Be6 {[%emt 0:05:56]} 28. Ng4 {[%emt 0:00:12]} Qf4 {[%emt 0:01:47]} 29. Qh4 {[%emt 0:03:36]} Rad8 {[%emt 0:06:47]} 30. Rcd2 {[%emt 0:01:19]} Qf7 {[%emt 0:06:01]} 31. Nc2 {[%emt 0:04:26]} Rb8 {[%emt 0:04:57]} 32. b4 {[%emt 0:02:58]} cxb4 {[%emt 0:01:48]} 33. axb4 {[%emt 0:00:54]} Bxg4 {[%emt 0:01:08]} 34. Qxg4 {[%emt 0:04:15]} Nc3 {[%emt 0:03:22]} 35. Ra1 {[%emt 0:01:19]} Rb6 {[%emt 0:02:20]} 36. Qg3 {[%emt 0:00:59]} Qc4 {[%emt 0:01:32]} 37. Qe3 {[%emt 0:01:53]} Rc6 {[%emt 0:01:09]} 38. Kh2 {[%emt 0:03:07]} Nd5 {[%emt 0:02:26]} 39. Qa7 {[%emt 0:00:40]} Nf4 {[%emt 0:01:50]} 40. Qd7 {[%emt 0:01:01]} Nd3 {[%emt 0:01:44]} 41. Rad1 {[%emt 0:00:40]} Nxf2 {[%emt 0:02:03]} 42. Ne3 {[%emt 0:00:41]} Rc7 {[%emt 0:01:00]} 43. Nxc4 {[%emt 0:01:45]} Rxd7 {[%emt 0:00:04]} 44. Ra1 {[%emt 0:00:19]} Rc7 {[%emt 0:00:43]} 45. Nxd6 {[%emt 0:00:50]} e3 {[%emt 0:00:22]} 46. Re2 {[%emt 0:00:31]} Rc6 {[%emt 0:00:37]} 47. Nb7 {[%emt 0:00:37]} Rb8 {[%emt 0:00:38]} 48. Nc5 {[%emt 0:00:49]} Rxb4 {[%emt 0:00:19]} 49. Nxa6 {[%emt 0:01:15]} Rbb6 {[%emt 0:00:42]} 50. Rxe3 {[%emt 0:00:58]} Rxa6 {[%emt 0:00:09]} 51. Rxa6 {[%emt 0:00:08]} Rxa6 {[%emt 0:00:05]} 52. Rxe5 {[%emt 0:03:40]} Nd3 {[%emt 0:00:28]} 53. Re2 {[%emt 0:00:00]} Ra3 {[%emt 0:00:30]} 54. Rd2 {[%emt 0:00:00]} Kf7 {[%emt 0:00:21]} 55. Re2 {[%emt 0:00:00]} Kf6 {[%emt 0:00:30]} 56. Rc2 {[%emt 0:00:00]} Rb3 {[%emt 0:00:20]} 57. Ra2 {[%emt 0:00:00]} Rb2 {[%emt 0:00:22]} 58. Ra6+ {[%emt 0:00:00]} Kf5 {[%emt 0:00:12]} 59. Ra5+ {[%emt 0:00:27]} Ne5 {[%emt 0:00:19]} 60. Ra3 {[%emt 0:00:29]} Rd2 {[%emt 0:00:28]} 61. Re3 {[%emt 0:01:31]} h5 {[%emt 0:00:50]} 62. Ra3 {[%emt 0:00:24]} g5 {[%emt 0:00:22]} 63. Rb3 {[%emt 0:01:00]} h4 {[%emt 0:01:02]} 64. Ra3 {[%emt 0:00:38]} Nd3 {[%emt 0:00:42]} 65. Ra4 {[%emt 0:00:42]} Nf4 {[%emt 0:00:24]} 66. Ra5+ {[%emt 0:00:43]} Kg6 {[%emt 0:00:07]} 67. Ra6+ {[%emt 0:00:17]} Kh5 {[%emt 0:00:08]} 68. Ra8 {[%emt 0:00:27]} Rxg2+ {[%emt 0:00:14]} 69. Kh1 {[%emt 0:00:01]} Rg3 {[%emt 0:00:23]} 0-1

[Event "Irish International Open 2019"]
[Site "Dublin"]
[Date "2019.04.21"]
[Round "7.20"]
[White "Melaugh, Gavin"]
[Black "Goss, Alex"]
[Result "1-0"]
[WhiteElo "2109"]
[BlackElo "1765"]
[Annotator "NA"]
[PlyCount "125"]
[EventDate "2019.02.28"]
[EventType "swiss"]
[EventCountry "IRL"]
[SourceTitle "playchess.com"]
[Source "ChessBase"]
[SourceQuality "1"]
[TimeControl "5400+30"]

1. d4 {[%emt 0:05:28]} d5 {[%emt 0:00:00]} 2. Bf4 {[%emt 0:00:14]} Bf5 {[%emt 0:00:24]} 3. Nc3 {[%emt 0:00:12]} c6 {[%emt 0:00:08]} 4. Qd2 {[%emt 0:02:33]} Nf6 {[%emt 0:00:31]} 5. f3 {[%emt 0:00:20]} h6 {[%emt 0:01:32]} 6. g4 {[%emt 0:01:52]} Bh7 {[%emt 0:00:56]} 7. e3 {[%emt 0:00:13]} e6 {[%emt 0:01:00]} 8. Bd3 {[%emt 0:00:35]} Bxd3 {[%emt 0:00:19]} 9. Qxd3 {[%emt 0:01:28]} Bd6 {[%emt 0:00:15]} 10. Nge2 {[%emt 0:00:08]} Na6 {[%emt 0:01:05]} 11. a3 {[%emt 0:01:43]} Qe7 {[%emt 0:09:36]} 12. Ng3 {[%emt 0:03:39]} Qc7 {[%emt 0:04:45]} 13. Bxd6 {[%emt 0:06:17]} Qxd6 {[%emt 0:00:14]} 14. b4 {[%emt 0:00:59]} Nc7 {[%emt 0:00:39]} 15. Kf2 {[%emt 0:03:03]} a5 {[%emt 0:02:25]} 16. bxa5 {[%emt 0:01:25]} Rxa5 {[%emt 0:00:10]} 17. a4 {[%emt 0:01:12]} Ke7 {[%emt 0:03:00]} 18. Rhb1 {[%emt 0:02:29]} Rb8 {[%emt 0:02:45]} 19. h4 {[%emt 0:03:36]} b5 {[%emt 0:06:44]} 20. axb5 {[%emt 0:02:01]} Rxa1 {[%emt 0:00:48]} 21. Rxa1 {[%emt 0:00:01]} Nxb5 {[%emt 0:00:16]} 22. Na4 {[%emt 0:06:42]} Ra8 {[%emt 0:04:01]} 23. c4 {[%emt 0:01:40]} Qb4 {[%emt 0:01:21]} 24. cxb5 {[%emt 0:01:35]} cxb5 {[%emt 0:00:13]} 25. Rb1 {[%emt 0:01:55]} Qxa4 {[%emt 0:00:11]} 26. Qxb5 {[%emt 0:02:47]} Qxb5 {[%emt 0:04:06]} 27. Rxb5 {[%emt 0:00:25]} Ra2+ {[%emt 0:00:43]} 28. Ne2 {[%emt 0:02:38]} Nd7 {[%emt 0:05:14]} 29. Rb7 {[%emt 0:01:55]} Kd6 {[%emt 0:00:40]} 30. g5 {[%emt 0:04:26]} hxg5 {[%emt 0:01:00]} 31. hxg5 {[%emt 0:00:03]} Kc6 {[%emt 0:00:09]} 32. Rb1 {[%emt 0:00:38]} f6 {[%emt 0:03:06]} 33. Rh1 {[%emt 0:08:23]} Ra8 {[%emt 0:07:12]} 34. Rh7 {[%emt 0:07:55]} Rg8 {[%emt 0:00:29]} 35. Nf4 {[%emt 0:04:18]} Nf8 {[%emt 0:01:28]} 36. Rh1 {[%emt 0:03:06]} fxg5 {[%emt 0:01:17]} 37. Nh3 {[%emt 0:00:25]} Nh7 {[%emt 0:00:33]} 38. Rg1 {[%emt 0:00:43]} Kd6 {[%emt 0:00:49]} 39. Nxg5 {[%emt 0:01:08]} Nxg5 {[%emt 0:00:21]} 40. Rxg5 {[%emt 0:00:01]} Ke7 {[%emt 0:00:12]} 41. Rg1 {[%emt 0:02:58]} Kf6 {[%emt 0:00:14]} 42. Rb1 {[%emt 0:00:24]} Rc8 {[%emt 0:00:30]} 43. Rb3 {[%emt 0:02:19]} Rc7 {[%emt 0:01:49]} 44. Kg3 {[%emt 0:16:08]} Rc1 {[%emt 0:01:10]} 45. e4 {[%emt 0:00:00]} dxe4 {[%emt 0:00:47]} 46. fxe4 {[%emt 0:00:00]} Rc4 {[%emt 0:00:22]} 47. Rd3 {[%emt 0:00:00]} e5 {[%emt 0:00:33]} 48. Rf3+ {[%emt 0:00:00]} Ke6 {[%emt 0:00:14]} 49. d5+ {[%emt 0:00:00]} Kd6 {[%emt 0:00:07]} 50. Re3 {[%emt 0:00:00]} Kc5 {[%emt 0:00:44]} 51. Kg4 {[%emt 0:00:00]} Kd4 {[%emt 0:00:43]} 52. Re1 {[%emt 0:00:00]} Rc7 {[%emt 0:00:41]} 53. Kf5 {[%emt 0:00:00]} Rf7+ {[%emt 0:00:36]} 54. Ke6 {[%emt 0:00:00]} Rf6+ {[%emt 0:03:40]} 55. Ke7 {[%emt 0:00:00]} Rb6 {[%emt 0:00:23]} 56. d6 {[%emt 0:00:55]} g5 {[%emt 0:00:11]} 57. d7 {[%emt 0:01:14]} Rb7 {[%emt 0:00:02]} 58. Ke8 {[%emt 0:01:08]} Rb8+ {[%emt 0:00:25]} 59. d8=Q+ {[%emt 0:00:05]} Rxd8+ {[%emt 0:00:07]} 60. Kxd8 {[%emt 0:00:04]} g4 {[%emt 0:00:10]} 61. Ke7 {[%emt 0:00:07]} g3 {[%emt 0:00:07]} 62. Ke6 {[%emt 0:00:05]} g2 {[%emt 0:00:02]} 63. Kf5 {[%emt 0:00:04]} 1-0

[Event "Irish International Open 2019"]
[Site "Dublin"]
[Date "2019.04.21"]
[Round "7.21"]
[White "O`Connell, Kevin J."]
[Black "Kersten, Julian"]
[Result "1/2-1/2"]
[WhiteElo "2328"]
[BlackElo "1996"]
[Annotator "NA"]
[PlyCount "106"]
[EventDate "2019.02.28"]
[EventType "swiss"]
[EventCountry "IRL"]
[SourceTitle "playchess.com"]
[Source "ChessBase"]
[SourceQuality "1"]
[TimeControl "5400+30"]

1. d4 {[%emt 1:30:30]} Nf6 {[%emt 1:30:30]} 2. Bf4 {[%emt 0:00:30]} g6 {[%emt 0:00:30]} 3. e3 {[%emt 0:00:30]} Bg7 {[%emt 0:00:30]} 4. Nf3 {[%emt 0:00:30]} d6 {[%emt 0:00:30]} 5. h3 {[%emt 0:00:30]} O-O {[%emt 0:00:30]} 6. Bc4 {[%emt 0:00:30]} a6 {[%emt 0:00:30]} 7. a4 {[%emt 0:00:30]} b6 {[%emt 0:00:30]} 8. O-O {[%emt 0:00:30]} Bb7 {[%emt 0:00:30]} 9. c3 {[%emt 0:00:30]} c5 {[%emt 0:00:30]} 10. Nbd2 {[%emt 0:00:30]} Nbd7 {[%emt 0:00:30]} 11. b4 {[%emt 0:00:30]} Nd5 {[%emt 0:00:30]} 12. Qb3 {[%emt 0:00:30]} Nxf4 {[%emt 0:00:30]} 13. exf4 {[%emt 0:00:30]} cxd4 {[%emt 0:00:30]} 14. cxd4 {[%emt 0:00:30]} e6 {[%emt 0:00:30]} 15. Rac1 {[%emt 0:00:30]} Nf6 {[%emt 0:00:30]} 16. Rc2 {[%emt 0:00:30]} Qd7 {[%emt 0:00:30]} 17. Rfc1 {[%emt 0:00:30]} Rfc8 {[%emt 0:00:30]} 18. b5 {[%emt 0:00:30]} a5 {[%emt 0:00:30]} 19. g4 {[%emt 0:00:30]} Bd5 {[%emt 0:00:30]} 20. Bxd5 {[%emt 0:00:30]} Nxd5 {[%emt 0:00:30]} 21. Rxc8+ {[%emt 0:00:30]} Rxc8 {[%emt 0:00:30]} 22. Rxc8+ {[%emt 0:00:30]} Qxc8 {[%emt 0:00:30]} 23. Qc4 {[%emt 0:00:30]} Qxc4 {[%emt 0:00:30]} 24. Nxc4 {[%emt 0:00:30]} Kf8 {[%emt 0:00:30]} 25. Nxd6 {[%emt 0:00:30]} Nc3 {[%emt 0:00:30]} 26. Nc4 {[%emt 0:00:30]} Nxa4 {[%emt 0:00:30]} 27. Kf1 {[%emt 0:00:30]} Nc3 {[%emt 0:00:30]} 28. Nxa5 {[%emt 0:00:30]} Nxb5 {[%emt 0:00:30]} 29. Nb3 {[%emt 0:00:30]} Ke7 {[%emt 0:00:30]} 30. Ke2 {[%emt 0:00:30]} Nc3+ {[%emt 0:00:30]} 31. Kd2 {[%emt 0:00:30]} Nd5 {[%emt 0:00:30]} 32. f5 {[%emt 0:00:30]} gxf5 {[%emt 0:00:30]} 33. gxf5 {[%emt 0:00:30]} Bh6+ {[%emt 0:00:30]} 34. Kc2 {[%emt 0:00:30]} exf5 {[%emt 0:00:30]} 35. h4 {[%emt 0:00:30]} Kd6 {[%emt 0:00:30]} 36. Kd3 {[%emt 0:00:30]} Nf4+ {[%emt 0:00:30]} 37. Kc4 {[%emt 0:00:30]} Nh3 {[%emt 0:00:30]} 38. Ne5 {[%emt 0:00:30]} Ke6 {[%emt 0:00:30]} 39. f3 {[%emt 0:00:30]} Ng1 {[%emt 0:00:30]} 40. Nc6 {[%emt 0:00:30]} Nxf3 {[%emt 0:00:30]} 41. Kb5 {[%emt 0:00:30]} Nxh4 {[%emt 0:00:30]} 42. Kxb6 {[%emt 0:00:30]} Be3 {[%emt 0:00:30]} 43. Kc5 {[%emt 0:00:30]} f4 {[%emt 0:00:30]} 44. Kc4 {[%emt 0:00:30]} Nf5 {[%emt 0:00:30]} 45. Kd3 {[%emt 0:00:30]} f3 {[%emt 0:00:30]} 46. Nc5+ {[%emt 0:00:30]} Kf6 {[%emt 0:00:30]} 47. Ne4+ {[%emt 0:00:30]} Kg6 {[%emt 0:00:30]} 48. Ne5+ {[%emt 0:00:30]} Kg7 {[%emt 0:00:30]} 49. Nxf3 {[%emt 0:00:30]} Bxd4 {[%emt 0:00:30]} 50. Nxd4 {[%emt 0:00:30]} Nxd4 {[%emt 0:00:30]} 51. Kxd4 {[%emt 0:00:30]} f5 {[%emt 0:00:30]} 52. Ng3 {[%emt 0:00:30]} Kg6 {[%emt 0:00:30]} 53. Nxf5 {[%emt 0:00:30]} Kxf5 {[%emt 0:00:30]} 1/2-1/2